| 000 | 00474nam a2200205Ia 4500 | ||
|---|---|---|---|
| 003 | 0100 | ||
| 008 | 130303s9999 xx 000 0 und d | ||
| 040 | _cARRUPELIB | ||
| 050 | _aBX1751.2M24 1994 | ||
| 100 | _aMcBrien, Richard | ||
| 245 | _aCatholicism | ||
| 250 | _a3rd. ed. | ||
| 260 | _aLondon | ||
| 260 | _bGeoffrey Chapman | ||
| 260 | _C1994 | ||
| 300 | _axlviii | ||
| 300 | _b 1286p. 24 cm. | ||
| 650 | _bBible OT Psalms--Commentaries | ||
| 942 |
_2lcc _06 |
||
| 999 |
_c58930 _d58930 |
||